Konštrukcie pozemných stavieb /

Guardado en:
Detalles Bibliográficos
Autores principales: Zajac, Jozef, 1960- (Autor), Vyparina, Marián (Autor)
Formato: Libro
Lenguaje:eslovaco
Publicado: Žilina: EDIS, 2019
Edición:2. prepracované vydanie
Colección:Vysokoškolské učebnice
Materias:
Etiquetas: Agregar Etiqueta
Sin Etiquetas, Sea el primero en etiquetar este registro!

MARC

LEADER 00000nam a22000003a 4500
001 0094465
003 SK-STU
005 20220314110336.9
007 ta
008 220314s ----xo-----e------000-0-----d
020 |a 978-80-554-1610-6 
040 |a STU  |b slo 
041 0 |a slo  |h slo 
044 |a xo 
100 1 |a Zajac, Jozef,  |d 1960-  |4 aut  |X 5471  |7 A000005471 
245 1 0 |a Konštrukcie pozemných stavieb /  |c aut. Jozef Zajac, Marián Vyparina ; Gustáv Kasanický 
250 |a 2. prepracované vydanie 
260 |a Žilina:  |b EDIS,   |c 2019 
300 |a 363 s. 
490 0 |a Vysokoškolské učebnice 
650 0 7 |a konštrukcie pozemných stavieb 
650 0 7 |a hydroizolácie 
650 0 7 |a konštrukčné systémy 
650 0 7 |a nosné konštrukcie 
700 1 |a Vyparina, Marián  |4 aut 
700 1 |a Kasanický, Gustáv  |4 lso 
996 |b 284V037778  |c V* 53379/O-24539  |l VVT  |s A  |a 24  |w 0094465_0001 
996 |b 284V038127  |c V* 53611/O-24757  |l VVS  |s A  |a 24  |w 0094465_0002 
996 |b 284V038128  |c V* 53612/O-24757  |l VVS  |s A  |a 24  |w 0094465_0003 
996 |b 284V038129  |c V* 53613/O-24757  |l VVS  |s A  |a 24  |w 0094465_0004